| 000 | 00454nam a2200169Ia 4500 | ||
|---|---|---|---|
| 005 | 20250423095507.0 | ||
| 008 | 250422s9999 xx 000 0 und d | ||
| 020 | _a0- 201- 30956 -4 | ||
| 050 | _aQA 76.73.C153 .A97/ | ||
| 100 | _aMatthew H. Austern | ||
| 245 | 0 | _aGeneric programming and the STL: using and extending the C++ | |
| 260 | _bAddison Wesley | ||
| 260 | _c1998 | ||
| 300 | _a548 p | ||
| 650 | _aStandard template library | ||
| 942 | _cBK | ||
| 999 |
_c30443 _d30443 |
||